O factor relixioso na España actual (Record no. 120202)

MARC details
000 -LEADER
campo de control de longitud fija 00578nam a2200181 4500
001 - NÚMERO DE CONTROL
campo de control 120202
003 - IDENTIFICADOR DE NÚMERO DE CONTROL
campo de control ES-MaACL
007 - CAMPO FIJO DE DESCRIPCIÓN FÍSICA--INFORMACIÓN GENERAL
campo de control de longitud fija t|
008 - DATOS DE LONGITUD FIJA--INFORMACIÓN GENERAL
campo de control de longitud fija 070214s1974 sp r ||||1| gao d
100 1# - ENTRADA PRINCIPAL--NOMBRE DE PERSONA
Nombre de persona Pérez Vilariño, José.
9 (RLIN) 91207
245 10 - MENCIÓN DEL TÍTULO
Título O factor relixioso na España actual
Resto del título : ( o cambio socio-relixioso como cambio político na España dos anos 70) /
Mención de responsabilidad, etc. José Pérez Vilarino.
260 ## - PUBLICACIÓN, DISTRIBUCIÓN, ETC.
Lugar de publicación, distribución, etc. Vigo :
Nombre del editor, distribuidor, etc. Sept,
Fecha de publicación, distribución, etc. 1974.
300 ## - DESCRIPCIÓN FÍSICA
Extensión 79 p. ;
Dimensiones 19 cm.
490 1# - MENCIÓN DE SERIE
Mención de serie Xeira nova
830 0# - PUNTO DE ACCESO ADICIONAL DE SERIE-TÍTULO UNIFORME
Título uniforme Xeira nova
9 (RLIN) 233311
852 ## - LOCALIZACIÓN
Ubicación ES-MaACL
Número de control de estantería E-6927
Sublocalización o colección R.91324
Holdings
Estatus retirado Estado de pérdida Estado de daño No para préstamo Biblioteca de origen Biblioteca actual Ubicación en estantería Fecha de adquisición Fuente de adquisición Total de préstamos Signatura topográfica completa Código de barras Visto por última vez Precio de reemplazo Tipo de ítem Koha
        Biblioteca del Ateneo de Madrid Biblioteca del Ateneo de Madrid Depósito 2 17/01/2008     E-6927 1125291 23/02/2023 23/02/2023 Libro impreso